Malý parkovací systém diplomová práca

Guardado en:
Detalles Bibliográficos
Autor principal: Ivanová, Mária
Autor Corporativo: Fakulta hospodárskej informatiky EU. Katedra aplikovanej informatiky
Otros Autores: Kultan, Jaroslav, 1960-
Formato: Libro
Lenguaje:eslovaco
Publicado: Bratislava 2020
Etiquetas: Agregar Etiqueta
Sin Etiquetas, Sea el primero en etiquetar este registro!

MARC

LEADER 00000nbm a2200000 4500
001 0266829
005 20210512105727.7
041 0 |a slo 
044 |a SK 
245 1 0 |a Malý parkovací systém  |b diplomová práca  |c Mária Ivanová ; školiteľ: Jaroslav Kultan 
264 1 |a Bratislava  |c 2020 
300 |a 77 s. 
100 1 |a Ivanová, Mária 
700 1 |a Kultan, Jaroslav, 1960- 
710 2 |a Fakulta hospodárskej informatiky EU. Katedra aplikovanej informatiky